Physico-chemical conditions of quartz and carbonate vein formation from the caldera of the Kelchey volcano (Transcarpathian, Ukraine)

Elmentve itt :
Bibliográfiai részletek
Szerzők: Lazarenko He
Blazhko V.
Kulibaba V.
Dokumentumtípus: Cikk
Megjelent: Department of Mineralogy, Geochemistry and Petrology, University of Szeged Szeged 2003
Sorozat:Acta mineralogica-petrographica 1
Acta mineralogica-petrographica : abstract series 1
Kulcsszavak:Földtan - előadáskivonat, Kőzettan - előadáskivonat, Ásványtan - előadáskivonat
Tárgyszavak:
Online Access:http://acta.bibl.u-szeged.hu/31363
LEADER 01091nab a2200241 i 4500
001 acta31363
005 20260212145233.0
008 161017s2003 hu o 000 eng d
022 |a 0324-6523, 1589-4835 
040 |a SZTE Egyetemi Kiadványok Repozitórium  |b hun 
041 |a eng 
100 1 |a Lazarenko He. 
245 1 0 |a Physico-chemical conditions of quartz and carbonate vein formation from the caldera of the Kelchey volcano (Transcarpathian, Ukraine)  |h [elektronikus dokumentum] /  |c  Lazarenko He. 
260 |a Department of Mineralogy, Geochemistry and Petrology, University of Szeged  |b Szeged  |c 2003 
300 |a 62 
490 0 |a Acta mineralogica-petrographica  |v 1 
490 0 |a Acta mineralogica-petrographica : abstract series  |v 1 
650 4 |a Természettudományok 
650 4 |a Föld- és kapcsolódó környezettudományok 
695 |a Földtan - előadáskivonat, Kőzettan - előadáskivonat, Ásványtan - előadáskivonat 
700 0 1 |a Blazhko V.  |e aut 
700 0 1 |a Kulibaba V.  |e aut 
856 4 0 |u http://acta.bibl.u-szeged.hu/31363/1/mineralogica_as_001_062.pdf  |z Dokumentum-elérés